000 00791nam a2200205 a 4500
005 20230311063727.0
008 070829s2003 mx r 000 0 spa d
020 _a9506793123
035 _aUPN01000151600
049 _aCG
050 4 _aHV6570
_bM3.4
245 0 0 _aMaltrato infantil :
_briesgos del compromiso profesional /
_cMaría Inés Bringiotti ... [et al.] ; comp. Silvio Lamberti.
260 _aBuenos Aires :
_bUniversidad,
_c2003.
300 _a301 p.
500 _aEn la portada: Abuso sexual en la niñez. Aportes del feminismo "Backlash". Revinculación síndrome de "Burn-out".¨Protección de persona . Nuevo delito de estrupro
650 4 _aAbuso sexual de niños
_975
650 4 _aAbuso de niños
_971
700 1 _aBringiotti, María Inés,
_ecoaut.
905 _aLibro
999 _c123736
_d123736